Statistics for Top Goalscorers at Each FIFA World Cup Final Tournament

Click here to take the quiz!

General Stats

  • This quiz has been taken 115 times
    (84 since last reset)
  • The average score is 13 of 29

Answer Stats

YearGoals ScoredPlayer% Correct
20028Ronaldo
96%
197010Gerd Müller
90%
20105Thomas Müller
90%
20065Miroslav Klose
84%
195813Just Fontaine
77%
David Villa
75%
20146James Rodríguez
67%
19986Davor Šuker
57%
19826Paolo Rossi
57%
Diego Forlán
54%
19946Hristo Stoichkov
49%
19786Mario Kempes
48%
19669Eusébio
43%
Wesley Sneijder
42%
19866Gary Lineker
41%
Vavá
41%
Oleg Salenko
36%
19624Garrincha
35%
19747Grzegorz Lato
32%
19906Salvatore Schillaci
32%
195411Sándor Kocsis
26%
19308Guillermo Stábile
25%
19508Ademir
19%
19387Leônidas
19%
19345Oldřich Nejedlý
12%
Dražan Jerković
9%
Flórián Albert
9%
Leonel Sánchez
9%
Valentin Ivanov
4%

Score Distribution

Percentile by Number Answered

Percent of People with Each Score

Your Score History

You have not taken this quiz since the last reset